000 00675nam a2200253Ia 4500
003 OSt
005 20221007071236.0
006 a|||||r|||| 00| 0
007 ta
008 221006b |||||||| |||| 00| 0 eng d
024 _a24,328
037 _cTextual
040 _aFLL
_cFLL
_beng
041 _2eng
_aeng
082 _aZ3:35, H5
100 _aSutton Ralph
_9688399
245 0 _aSale of goods act,1893
250 _a12th
260 _aLondon
_bButterworth & Co,.Pvt. Ltd. UK
_c1945
300 _alxvi,274,39p
_ccm.
700 _a Shannon N. P.
_9688400
942 _hZ3:35, H5
_cTEXL
_2CC
999 _c1142853
_d1142853